Relato e historia reciente en la conformación de proyectos multimodales (Registro nro. 32215)
[ vista simple ]
| 000 -LEADER | |
|---|---|
| fixed length control field | 00344 a2200109 4500 |
| 001 - CONTROL NUMBER | |
| control field | ART_38586 |
| 005 - DATE AND TIME OF LATEST TRANSACTION | |
| control field | 20260410162011.0 |
| 008 - FIXED-LENGTH DATA ELEMENTS--GENERAL INFORMATION | |
| fixed length control field | 260409a |
| 100 1# - MAIN ENTRY--PERSONAL NAME | |
| Personal name | Casiello, Francisco |
| 245 10 - TITLE STATEMENT | |
| Title | Relato e historia reciente en la conformación de proyectos multimodales |
| 773 0# - HOST ITEM ENTRY | |
| Title | Anuario |
| Related parts | - Nº 6 (ene./dic. 2009) |
| Record control number | REV38525 |
No hay ítems disponibles.